000 00623nam a22002177a 4500
005 20250818170111.0
008 250818b |||||||| |||| 00| 0 eng d
020 _a977-341-091-9 (pbk)
037 _cTB
040 _aAL
_cAL
041 _2ARB
_aARB
084 _aT 28P3
_bAL
100 _aAl-toosi
_9818065
245 _aKitab adab al-mutameen
260 _aCairo, Egypt:
_bMaktab-al saqafa,
_c2003.
300 _a21p.
365 _b175.00
_cINR
650 _aEducation
942 _2CC
_cTB
_hT 28P3
_n0
999 _c1434784
_d1434784